Human Resource Management an Economic Approach

Enregistré dans:
Détails bibliographiques
Auteur principal: Mitchell, Daniel J.B
Format: Livre
Langue:anglais
Publié: Boston PWS-Kent Pub. Co. 1989
Édition:1. ed.
Tags: Ajouter un tag
Pas de tags, Soyez le premier à ajouter un tag!

MARC

LEADER 00000nam a2200000 4500
001 c027321
005 20221215113919.4
041 0 |a eng 
044 |a US 
245 1 0 |a Human Resource Management an Economic Approach  |c Daniel J.B. Mitchell 
250 |a 1. ed. 
264 1 |a Boston  |b PWS-Kent Pub. Co.  |c 1989 
300 |a 527 s. 
100 1 |a Mitchell, Daniel J.B.